| 000 | 00377nam a2200145Ia 4500 | ||
|---|---|---|---|
| 008 | 230711s9999||||xx |||||||||||||| ||und|| | ||
| 041 | _aENG | ||
| 082 |
_a658 _bNA-M |
||
| 100 | _aNarang,B.S | ||
| 245 | 0 | _aMaterial science and process | |
| 250 | _a2nd Ed. | ||
| 260 |
_c1983 _aNew Delhi _bCBS Publishers & Distributors Pvt.Ltd |
||
| 650 | _aMechanical Engineering | ||
| 942 | _cBK | ||
| 999 |
_c2506 _d2506 |
||